1573 1348 1561 1691 1102 1331 1805 1967 1016 1990 1322 1898 1119 1290 1515 1090 1884 1749 1064 1764 1734 1482 1895 1297 1912 1088 1462 1169 1346 1215 1941 1948 1744 1268 1135 1976 1126 1408 1907 1933 1992 1051 1007 1034 1682 1213 1555 1447 1857 1105 1747 1861 1538 1894 1974 1262 1848 1418 1536 1207 1702 1840 1581 1554 1001 1428 1741 1620 1558 1724 1340 1497 1300 1042 1368 1053 1670 1327 1180 1688 1541 1929 1405 1561 1063 1494 1270 1592 1907 1406 1883 1344 1353 1803 1553 1715 1606 1376 1192 BCNSPRNW ULIB Ver.6.0+V

เปลี่ยนเป็นภาษาไทย

Change to English
 แสดงรายละเอียดบรรณานุกรม
  กลับหน้าหลัก

Brief Record : Get Marc (ISO 2709) : E-mail record : QR code < ปิดหน้าต่าง
LEADER : 00000nam 2200000uu 4500
001    13399127082
003     ULIB
008    020711s2561 th a 000 0 tha d
020    ^a9786162278877
060    ^aWS103^bม158ก
100    ^aมนฤดี ทองกลอย
245    ^aกุ๋งกิ๋งรักญาติ ชุดส่งเสริมทักษะทางสังคม (สองภาษาไทย-อังกฤษ)
250    ^aพิมพ์ครั้งที่ 1
260    ^aกรุงเทพฯ :^bบริษัท แปลน ฟอร์ คิดส์ จำกัด,^c2561
300    ^a24 หน้า;^b21 ซม.
650    ^aเด็ก^xการเรียนการสอน
945    ^p125^l0^i006270
999    ^aประนอม เกษจรัล
รายการนี้ยังไม่มีแท็ก
คุณยังไม่ได้ล็อกอิน คุณสามารถมีกิจกรรมร่วมกับเว็บไซต์ได้ แต่ต้องล็อกอินก่อน ::
  ล็อกอิน

รายการสื่อสารสนเทศ

ลำดับที่ ประเภท เลขเรียก/บาร์โค้ด สถานที่ สถานะ
1. วิทยาศาสตร์การแพทย์ และสุขภาพ
วิทยาศาสตร์การแพทย์ และสุขภาพ
WS103 ม158ก ฉ.1 
  Barcode: 006270
ห้องสมุดวิทยาเขตสวรรค์ประชารักษ์
►หนังสือทั่วไป
บนชั้น

รายการใกล้เคียง
    ผู้แต่ง [มนฤดี ทองกลอย]

BibComment


ยังไม่เคยถูกคอมเมนท์

คอมเมนท์ทรัพยากรรายการนี้
  คอมเมนท์: กุ๋งกิ๋งรักญาติ ..


 Copyright 2026. Bcnsprnw @Library